[Event "Chigorin Memorial"]
[Site "St Petersburg"]
[Date "2015.10.05"]
[Round "3.14"]
[White "Kotlyar, Kirill"]
[Black "Eliseev, Urii"]
[Result "0-1"]
[WhiteElo "2370"]
[BlackElo "2536"]
[PlyCount "56"]
[EventDate "2015.10.03"]
[EventRounds "9"]
[EventCountry "RUS"]

1. d4 Nf6 2. c4 c5 3. d5 b5 4. Qc2 bxc4 5. e4 d6 6. Bxc4 g6 7. Nf3 Bg7 8. O-O
O-O 9. h3 Nfd7 10. Na3 Na6 11. Rb1 Nb4 12. Qe2 a5 13. Nb5 Nb6 14. b3 a4 15. a3
Na6 16. b4 Nxc4 17. Qxc4 Bd7 18. Be3 Qc8 19. Qe2 cxb4 20. axb4 Bxb5 21. Qxb5 a3
22. Bd4 Qc2 23. Bxg7 Kxg7 24. Nd4 Qxe4 25. Nc6 Nc7 26. Qb7 Nxd5 27. Nxe7 Nc3
28. Qxe4 Nxe4 0-1

[Event "Chigorin Memorial"]
[Site "St Petersburg"]
[Date "2015.10.05"]
[Round "3.15"]
[White "Can, Emre"]
[Black "Yandarbiev, Ruslan"]
[Result "1/2-1/2"]
[WhiteElo "2531"]
[BlackElo "2344"]
[PlyCount "118"]
[EventDate "2015.10.03"]
[EventRounds "9"]
[EventCountry "RUS"]

1. Nf3 Nf6 2. c4 g6 3. Nc3 Bg7 4. e4 d6 5. d4 O-O 6. Be2 e5 7. O-O Nc6 8. d5
Ne7 9. a4 a5 10. Ne1 Nd7 11. Nd3 f5 12. f3 Kh8 13. Nb5 Nf6 14. Nf2 Nh5 15. b3
Nf4 16. Ba3 b6 17. Re1 Nxe2+ 18. Qxe2 Ng8 19. b4 Nf6 20. bxa5 Rxa5 21. Bb4 Ra6
22. a5 bxa5 23. Rxa5 fxe4 24. Nxe4 Nxe4 25. fxe4 Bh6 26. Rea1 Rxa5 27. Bxa5 Rf7
28. Rf1 Bg4 29. Qe1 Bf4 30. g3 Bh3 31. gxf4 Bxf1 32. Bxc7 Rxc7 33. Nxc7 Bxc4
34. Ne6 Qb6+ 35. Kg2 Qb2+ 36. Qf2 Qxf2+ 37. Kxf2 exf4 38. Nc7 Bb3 39. Ne8 g5
40. Nxd6 Kg7 41. Nb7 Kf6 42. Nc5 Bc4 43. d6 g4 44. e5+ Kf7 45. Ne4 h6 46. Nf6
Be6 47. Nh5 f3 48. Ng3 Kg6 49. Ne4 Kf5 50. Nc5 Kxe5 51. d7 Bxd7 52. Nxd7+ Kf4
53. Nf6 Kg5 54. Ne4+ Kh4 55. Nd2 Kh3 56. Nf1 h5 57. Kg1 h4 58. Kf2 g3+ 59. hxg3
hxg3+ 1/2-1/2

[Event "Chigorin Memorial"]
[Site "St Petersburg"]
[Date "2015.10.05"]
[Round "3.16"]
[White "Khanin, Semen"]
[Black "Stupak, Kirill"]
[Result "1-0"]
[WhiteElo "2359"]
[BlackElo "2531"]
[PlyCount "115"]
[EventDate "2015.10.03"]
[EventRounds "9"]
[EventCountry "RUS"]

1. e4 c6 2. d4 d5 3. Nd2 g6 4. Ngf3 Bg7 5. c3 Nh6 6. Bd3 O-O 7. O-O f6 8. Re1
Nf7 9. c4 dxc4 10. Bxc4 Nd7 11. h3 Nb6 12. Bb3 Kh8 13. Qc2 f5 14. a4 a5 15.
Bxf7 Rxf7 16. Qb3 Rf8 17. Ng5 e6 18. Ndf3 h6 19. Nxe6 Bxe6 20. Qxe6 Kh7 21.
exf5 Rxf5 22. Ra3 Nd5 23. Ne5 Qe8 24. Nf3 Qxe6 25. Rxe6 Rc8 26. Bd2 b6 27. Rd6
g5 28. Ra1 Rf6 29. Rxf6 Bxf6 30. Rc1 Kg6 31. g4 Kf7 32. Kg2 Ne7 33. h4 Kg6 34.
hxg5 hxg5 35. Re1 Rd8 36. Bxg5 Bxg5 37. Re6+ Bf6 38. g5 Nd5 39. Rxc6 Kf5 40.
gxf6 Rf8 41. Rd6 Nf4+ 42. Kf1 Rxf6 43. Rxf6+ Kxf6 44. b3 Ke6 45. Ke1 Kd5 46.
Kd2 Ke4 47. Ng1 Ne6 48. Ne2 Nc7 49. Kc3 b5 50. axb5 Nxb5+ 51. Kc4 Nd6+ 52. Kc5
Nb7+ 53. Kb6 Nd8 54. Kxa5 Kf3 55. Kb6 Kxe2 56. d5 Kxf2 57. Kc7 Nf7 58. b4 1-0

[Event "Chigorin Memorial"]
[Site "St Petersburg"]
[Date "2015.10.05"]
[Round "3.17"]
[White "Kharchenko, Boris"]
[Black "Kenneskog, Theodor"]
[Result "1/2-1/2"]
[WhiteElo "2500"]
[BlackElo "2334"]
[PlyCount "79"]
[EventDate "2015.10.03"]
[EventRounds "9"]
[EventCountry "RUS"]

1. e4 c5 2. Nf3 d6 3. c3 Nf6 4. Bd3 g6 5. Bc2 Bg7 6. O-O O-O 7. h3 Nc6 8. Re1
e5 9. d3 h6 10. a3 d5 11. b4 cxb4 12. axb4 b5 13. Nbd2 Be6 14. Nb3 dxe4 15.
dxe4 Qe7 16. Be3 Rfd8 17. Qc1 Kh7 18. Nc5 a5 19. Nxe6 Qxe6 20. Bb6 Rdc8 21.
bxa5 b4 22. Qb1 bxc3 23. Re3 Rcb8 24. Qd1 Nd7 25. Bb3 Qe8 26. Rxc3 Nxb6 27.
axb6 Rxa1 28. Qxa1 Rxb6 29. Qa4 Qb8 30. Bxf7 Nd4 31. Kh2 Rf6 32. Qe8 Nxf3+ 33.
gxf3 Qxe8 34. Bxe8 h5 35. Kg2 Re6 36. Bf7 Re7 37. Bd5 Bh6 38. Rc6 Kg7 39. Rb6
Bf4 40. Rb7 1/2-1/2

[Event "Chigorin Memorial"]
[Site "St Petersburg"]
[Date "2015.10.05"]
[Round "3.18"]
[White "Yeletsky, Ivan"]
[Black "Volodin, Aleksandr"]
[Result "0-1"]
[WhiteElo "2342"]
[BlackElo "2491"]
[PlyCount "120"]
[EventDate "2015.10.03"]
[EventRounds "9"]
[EventCountry "RUS"]

1. e4 c5 2. Nf3 Nc6 3. Nc3 e5 4. Bc4 d6 5. d3 Be7 6. Nd2 Nf6 7. Nf1 O-O 8. Ne3
a6 9. a4 Nb4 10. O-O Be6 11. Bd2 Qd7 12. Bxe6 fxe6 13. Nc4 Bd8 14. a5 Bc7 15.
Na4 Qb5 16. Nab6 Rad8 17. Bc3 Qe8 18. Qd2 Nc6 19. f4 d5 20. exd5 exd5 21. fxe5
Nxe5 22. Nxe5 Bxe5 23. Rae1 Bxh2+ 24. Kxh2 Qh5+ 25. Kg1 Ng4 26. g3 d4 27. Qg2
dxc3 28. bxc3 Rxf1+ 29. Rxf1 c4 30. d4 Qxa5 31. Qxb7 Qh5 32. Qh1 Qg5 33. Qe4
Qh5 34. Qh1 Qg6 35. Nd5 Qe6 36. Qf3 Qxd5 37. Qxg4 Re8 38. Qf5 Qxf5 39. Rxf5
Re1+ 40. Kg2 Re2+ 41. Kh3 Rxc2 42. Ra5 Rxc3 43. Rxa6 Rd3 44. Rd6 Kf7 45. d5 h5
46. Rc6 c3 47. Kh4 g6 48. Rc7+ Kf6 49. Rc6+ Kf5 50. Rc8 Rd2 51. Rf8+ Ke4 52.
Re8+ Kf5 53. Rf8+ Ke5 54. Rc8 c2 55. Kg5 Kxd5 56. Kxg6 Rh2 57. Kg5 Ke4 58. Re8+
Kd3 59. Rd8+ Ke2 60. Re8+ Kd1 0-1

[Event "Chigorin Memorial"]
[Site "St Petersburg"]
[Date "2015.10.05"]
[Round "3.19"]
[White "Iljiushenok, Ilia"]
[Black "Nigmatov, Ortik"]
[Result "1-0"]
[WhiteElo "2491"]
[BlackElo "2330"]
[PlyCount "91"]
[EventDate "2015.10.03"]
[EventRounds "9"]
[EventCountry "RUS"]

1. d4 Nf6 2. c4 g6 3. Nc3 Bg7 4. e4 d6 5. Nf3 O-O 6. Be2 e5 7. O-O Nc6 8. d5
Ne7 9. Ne1 Nd7 10. f3 f5 11. g4 Nf6 12. Nd3 h5 13. g5 Nh7 14. h4 b6 15. Kg2 Bd7
16. Be3 a5 17. b3 Qc8 18. Kh2 Qb7 19. a3 Qc8 20. Rc1 fxe4 21. fxe4 Rxf1 22.
Qxf1 Nf8 23. b4 axb4 24. axb4 c5 25. dxc6 Qxc6 26. c5 bxc5 27. bxc5 Ne6 28. Nb4
Qb7 29. Rb1 Qa7 30. Nbd5 Nxd5 31. Nxd5 Rf8 32. Qd1 Ba4 33. Qd2 dxc5 34. Qa2 Ra8
35. Nf6+ Kf7 36. Bc4 Bd7 37. Qxa7 Rxa7 38. Nxd7 Rxd7 39. Rb6 Re7 40. Bxc5 Re8
41. Bb4 Bh8 42. Bd5 Bg7 43. Rb7+ Kg8 44. Be7 Kf7 45. Bf6+ Kf8 46. Bxe6 1-0

[Event "Chigorin Memorial"]
[Site "St Petersburg"]
[Date "2015.10.05"]
[Round "3.20"]
[White "Savitskiy, Sergey"]
[Black "Chekhov, Sergei"]
[Result "1-0"]
[WhiteElo "2333"]
[BlackElo "2488"]
[PlyCount "101"]
[EventDate "2015.10.03"]
[EventRounds "9"]
[EventCountry "RUS"]

1. e4 c5 2. Nf3 e6 3. d4 cxd4 4. Nxd4 a6 5. Nc3 d6 6. f4 b5 7. Bd3 Bb7 8. Qf3
Nd7 9. Nb3 Ngf6 10. a4 b4 11. Nd1 a5 12. O-O Be7 13. Nf2 O-O 14. g4 g6 15. Bd2
e5 16. f5 d5 17. Be3 Qc7 18. g5 dxe4 19. Nxe4 Nh5 20. f6 Bd6 21. Qh3 Rfe8 22.
Nxd6 Qxd6 23. Bb5 Nf8 24. Rad1 Qc7 25. Nc5 Red8 26. Nxb7 Qxb7 27. Be2 Qe4 28.
Bd3 Qc6 29. b3 Ne6 30. Bc4 Nhf4 31. Rxd8+ Rxd8 32. Bxf4 Nxf4 33. Rxf4 exf4 34.
Bxf7+ Kh8 35. Bxg6 Rd1+ 36. Kf2 Rd2+ 37. Ke1 Rd7 38. Bd3 Qc3+ 39. Kf1 Rc7 40.
Qe6 Qc6 41. Qxc6 Rxc6 42. Kf2 h6 43. h4 hxg5 44. hxg5 Kg8 45. Kf3 Kf7 46. Kxf4
Rc5 47. Kg4 Re5 48. Kh5 Kf8 49. Bc4 Rf5 50. Kh6 Rf2 51. g6 1-0

[Event "Chigorin Memorial"]
[Site "St Petersburg"]
[Date "2015.10.05"]
[Round "3.21"]
[White "Paravyan, David"]
[Black "Rjabzev, Konstantin"]
[Result "1-0"]
[WhiteElo "2486"]
[BlackElo "2298"]
[PlyCount "85"]
[EventDate "2015.10.03"]
[EventRounds "9"]
[EventCountry "RUS"]

1. e4 e5 2. Nf3 d6 3. d4 exd4 4. Nxd4 Nf6 5. Nc3 Be7 6. g3 d5 7. e5 Ng4 8. e6
Nf6 9. exf7+ Kxf7 10. Bg2 c6 11. O-O Re8 12. Bf4 Kg8 13. Re1 Bg4 14. Qd3 Nbd7
15. h3 Nc5 16. Qd2 Bd7 17. g4 b5 18. b4 Nb7 19. Ndxb5 Bxb4 20. Rxe8+ Bxe8 21.
Rb1 Bxc3 22. Nxc3 Nc5 23. Qe3 d4 24. Qe5 Nd3 25. cxd3 dxc3 26. Qxc3 Nd5 27. Qc4
Bf7 28. Qxc6 Rc8 29. Qxc8 Qxc8 30. Rb8 Qxb8 31. Bxb8 a5 32. a3 Kf8 33. f4 Ke7
34. Kf2 Kd7 35. Be5 g6 36. Be4 h5 37. f5 gxf5 38. Bxf5+ Kc6 39. g5 Ne7 40. Be4+
Kc5 41. Ke3 Nd5+ 42. Kf3 Ne7 43. Bc3 1-0

[Event "Chigorin Memorial"]
[Site "St Petersburg"]
[Date "2015.10.05"]
[Round "3.22"]
[White "Atabayev, Maksat"]
[Black "Rozhko, Dmitry"]
[Result "1-0"]
[WhiteElo "2483"]
[BlackElo "2298"]
[PlyCount "93"]
[EventDate "2015.10.03"]
[EventRounds "9"]
[EventCountry "RUS"]

1. e4 e6 2. d4 d5 3. Nd2 dxe4 4. Nxe4 Bd7 5. Nf3 Bc6 6. Bd3 Nd7 7. O-O Ngf6 8.
Ng3 Be7 9. Re1 O-O 10. c4 Bxf3 11. Qxf3 c6 12. b3 Re8 13. Bb2 Nf8 14. Nf1 Ng6
15. g3 Qa5 16. a3 Rad8 17. Bc2 b5 18. Bc3 Qb6 19. Ne3 a5 20. Red1 Bxa3 21. d5
e5 22. cxb5 cxb5 23. Rxa3 b4 24. Nc4 Qb8 25. Rxa5 bxc3 26. Qxc3 Qc8 27. Bxg6
hxg6 28. d6 e4 29. Re5 Rxe5 30. Qxe5 Qg4 31. Qd4 Qf3 32. Ne3 Qe2 33. Qc4 Qb2
34. b4 Qe5 35. Qc5 Qe6 36. b5 Ne8 37. Nc4 e3 38. fxe3 Nf6 39. Qd4 Ne4 40. b6
Ng5 41. Rf1 Ra8 42. b7 Rb8 43. d7 Qe7 44. Qe5 Qd8 45. Qe8+ Qxe8 46. dxe8=Q+
Rxe8 47. Ra1 1-0

[Event "Chigorin Memorial"]
[Site "St Petersburg"]
[Date "2015.10.05"]
[Round "3.23"]
[White "Nechaev, Oleg"]
[Black "Soffer, Ram"]
[Result "1/2-1/2"]
[WhiteElo "2330"]
[BlackElo "2479"]
[PlyCount "102"]
[EventDate "2015.10.03"]
[EventRounds "9"]
[EventCountry "RUS"]

1. c4 Nf6 2. Nc3 e6 3. d4 Bb4 4. Nf3 b6 5. e3 Bb7 6. Bd3 Ne4 7. Qc2 f5 8. O-O
Bxc3 9. bxc3 O-O 10. Nd2 Qh4 11. f3 Nxd2 12. Bxd2 d6 13. Rae1 Nd7 14. g3 Qe7
15. e4 fxe4 16. Bxe4 Bxe4 17. Qxe4 Rae8 18. Qb7 Nf6 19. Bg5 Qd7 20. Bxf6 Rxf6
21. Re3 Rf5 22. Rfe1 Ra5 23. R1e2 Ra4 24. f4 g6 25. d5 e5 26. fxe5 dxe5 27. c5
Rf8 28. d6 Qf7 29. Qg2 bxc5 30. dxc7 Qxc7 31. Rxe5 Qd6 32. Rd5 Qb6 33. h3 c4+
34. Kh2 Ra5 35. h4 Kh8 36. Red2 Rxd5 37. Qxd5 Qe3 38. Qd4+ Qxd4 39. Rxd4 Rf2+
40. Kh3 Rxa2 41. Rxc4 h5 42. Rc7 a5 43. g4 hxg4+ 44. Kxg4 a4 45. Kg5 Rg2+ 46.
Kh6 Kg8 47. c4 a3 48. Ra7 a2 49. c5 Kf8 50. c6 Rc2 51. c7 Rxc7 1/2-1/2

[Event "Chigorin Memorial"]
[Site "St Petersburg"]
[Date "2015.10.05"]
[Round "3.24"]
[White "Matinian, Nikita"]
[Black "Saveliev, Alexei"]
[Result "1-0"]
[WhiteElo "2473"]
[BlackElo "2253"]
[PlyCount "133"]
[EventDate "2015.10.03"]
[EventRounds "9"]
[EventCountry "RUS"]

1. Nf3 c5 2. g3 d5 3. Bg2 Nf6 4. O-O Nc6 5. d4 e6 6. c4 dxc4 7. dxc5 Qxd1 8.
Rxd1 Bxc5 9. Nbd2 c3 10. bxc3 O-O 11. Nb3 Be7 12. Nfd4 Nxd4 13. cxd4 Rd8 14.
Bd2 Rb8 15. Rac1 h6 16. h3 Kf8 17. e4 Bd7 18. Bf4 Rbc8 19. d5 Rxc1 20. Rxc1
exd5 21. exd5 Be8 22. Rd1 Bd6 23. Bxd6+ Rxd6 24. Na5 Bc6 25. Nc4 Rd7 26. d6
Bxg2 27. Kxg2 Ne8 28. a4 b6 29. Kf3 a6 30. Nxb6 Rxd6 31. Rxd6 Nxd6 32. Kf4 Ke7
33. Ke5 h5 34. Kd5 g5 35. f3 Nf5 36. g4 hxg4 37. hxg4 Nd6 38. Kc6 Ke6 39. Nd7
a5 40. Nc5+ Ke5 41. Nd7+ Ke6 42. Nf8+ Ke5 43. Nh7 f5 44. Nxg5 fxg4 45. fxg4 Nc4
46. Kb5 Ne3 47. Nf3+ Kf4 48. Nh2 Kg3 49. g5 Kf4 50. g6 Nf5 51. Kxa5 Kg5 52. Kb6
Kxg6 53. a5 Kf7 54. a6 Nd6 55. Kc6 Nc8 56. Kb7 Nd6+ 57. Kb8 Nb5 58. Nf3 Ke7 59.
Kb7 Kd8 60. Nd4 Nc7 61. a7 Na8 62. Ne6+ Kd7 63. Kb8 Nb6 64. Nc5+ Kd8 65. Na4
Na8 66. Kb7 Nc7 67. Nb6 1-0

[Event "Chigorin Memorial"]
[Site "St Petersburg"]
[Date "2015.10.05"]
[Round "3.25"]
[White "Ovod, Evgenija"]
[Black "Lugovskoy, Maxim"]
[Result "0-1"]
[WhiteElo "2328"]
[BlackElo "2470"]
[PlyCount "50"]
[EventDate "2015.10.03"]
[EventRounds "9"]
[EventCountry "RUS"]

1. d4 e6 2. c4 d5 3. Nf3 a6 4. Bg5 Be7 5. Bxe7 Nxe7 6. e3 O-O 7. Nc3 Nd7 8. Rc1
Nf6 9. a3 dxc4 10. Bxc4 b5 11. Bd3 Bb7 12. O-O Ng6 13. Qc2 Bxf3 14. gxf3 Nh4
15. Qe2 e5 16. dxe5 Qd7 17. f4 Qh3 18. f3 Rad8 19. Rcd1 Nh5 20. Ne4 f6 21. exf6
gxf6 22. Bc2 Kh8 23. Rxd8 Rxd8 24. Kf2 Qxh2+ 25. Ke1 Ng2+ 0-1

[Event "Chigorin Memorial"]
[Site "St Petersburg"]
[Date "2015.10.05"]
[Round "3.26"]
[White "Ulko, Jaroslav"]
[Black "Ibadov, Dashgyn"]
[Result "1-0"]
[WhiteElo "2467"]
[BlackElo "2246"]
[PlyCount "117"]
[EventDate "2015.10.03"]
[EventRounds "9"]
[EventCountry "RUS"]

1. d4 e6 2. Nf3 Nf6 3. e3 c5 4. Bd3 Nc6 5. O-O b6 6. c4 cxd4 7. exd4 d5 8. cxd5
Nxd5 9. Nc3 Be7 10. Bb5 Bd7 11. Nxd5 exd5 12. Qa4 Rc8 13. Bf4 O-O 14. Rac1 Nb8
15. Rxc8 Qxc8 16. Bxb8 Bxb5 17. Qxb5 Qxb8 18. Qxd5 Rd8 19. Qe4 Bf6 20. Rc1 Qd6
21. g3 Qb4 22. b3 g6 23. Kg2 Qa5 24. Rc7 Qd5 25. Qxd5 Rxd5 26. Rxa7 Bxd4 27.
Nxd4 Rxd4 28. Rb7 Rd6 29. a4 h5 30. h4 Kg7 31. Re7 Rd2 32. Re5 Kf6 33. Rb5 Rd6
34. Kf3 Re6 35. Kf4 Kg7 36. Re5 Rc6 37. Ke4 Kf6 38. Rb5 Ke6 39. Kd4 Kd7 40.
Rd5+ Kc7 41. Re5 Kd6 42. Re3 Rc2 43. Rf3 Ke6 44. Kd3 Rc1 45. Rf4 Rc6 46. Rc4
Rd6+ 47. Kc3 f5 48. Kb4 Kd5 49. Kb5 Re6 50. Rc2 Rf6 51. f4 Rf8 52. Rc6 g5 53.
hxg5 Ke4 54. b4 Kf3 55. Rc3+ Kg4 56. Kxb6 h4 57. gxh4 Kxh4 58. a5 Kg4 59. a6
1-0

[Event "Chigorin Memorial"]
[Site "St Petersburg"]
[Date "2015.10.05"]
[Round "3.27"]
[White "Biriukov, Oleg V"]
[Black "Bodnaruk, Anastasia"]
[Result "1-0"]
[WhiteElo "2323"]
[BlackElo "2459"]
[PlyCount "119"]
[EventDate "2015.10.03"]
[EventRounds "9"]
[EventCountry "RUS"]

1. d4 Nf6 2. c4 e6 3. Nc3 Bb4 4. Qc2 O-O 5. a3 Bxc3+ 6. Qxc3 b6 7. Bg5 Bb7 8.
f3 d6 9. Nh3 Nbd7 10. e4 c5 11. Be2 Rc8 12. O-O h6 13. Be3 d5 14. cxd5 exd5 15.
e5 Ne8 16. Qd2 Qe7 17. Rae1 Nc7 18. Nf4 cxd4 19. Bxd4 Qg5 20. Be3 Qxe5 21. Bd3
Qd6 22. Bd4 Ne6 23. Nxe6 fxe6 24. Qe3 Rce8 25. f4 Nf6 26. Qg3 Re7 27. Kh1 Ne4
28. Bxe4 dxe4 29. Bc3 a5 30. Be5 Qd8 31. Rd1 Bd5 32. h3 Rd7 33. Rfe1 Qe7 34.
Qe3 b5 35. Qb6 b4 36. Qxa5 e3 37. Kh2 Qh4 38. Rxe3 bxa3 39. bxa3 Rb7 40. Rg3
Rd7 41. Qc3 Rff7 42. Rb1 Bb7 43. Rb6 Qe7 44. a4 Rd1 45. a5 Rd8 46. Bxg7 Rxg7
47. Rxg7+ Qxg7 48. Qxg7+ Kxg7 49. Rxb7+ Kf6 50. Rb4 Rd6 51. Ra4 Ra6 52. g4 e5
53. Kg3 Ke6 54. f5+ Kd5 55. Kf3 Rc6 56. a6 Rc3+ 57. Ke2 Rc8 58. a7 Ra8 59. Ke3
e4 60. Ra5+ 1-0

[Event "Chigorin Memorial"]
[Site "St Petersburg"]
[Date "2015.10.05"]
[Round "3.28"]
[White "Kalegin, Evgenij"]
[Black "Baraeva, Marina"]
[Result "1-0"]
[WhiteElo "2444"]
[BlackElo "2189"]
[PlyCount "113"]
[EventDate "2015.10.03"]
[EventRounds "9"]
[EventCountry "RUS"]

1. e4 e6 2. d4 d5 3. Nc3 Nf6 4. e5 Nfd7 5. f4 c5 6. Nf3 Nc6 7. Be3 a6 8. Qd2 b5
9. dxc5 Bxc5 10. Bd3 Qb6 11. Bf2 Bxf2+ 12. Qxf2 Nc5 13. O-O b4 14. Ne2 a5 15.
Kh1 Ba6 16. Rad1 g6 17. Qh4 Nxd3 18. cxd3 h5 19. f5 gxf5 20. Qf6 Rg8 21. Nf4
Qd8 22. Nxh5 Qe7 23. Rf2 Bb7 24. Rc2 Rg6 25. Qh8+ Kd7 26. Nf6+ Kc7 27. Qh4 Kb8
28. Rdc1 Ra6 29. Qh8+ Ka7 30. Nh4 Rg4 31. Nxg4 fxg4 32. Qh5 Rb6 33. Rf2 Nxe5
34. Qxe5 Qxh4 35. Rxf7 Qh6 36. Qf4 Qg6 37. d4 Qd3 38. b3 Qe2 39. Qf2 Qd3 40.
Rf4 Rc6 41. Rxc6 Bxc6 42. Qe1 Qc2 43. Rf2 Qd3 44. Rd2 Qc3 45. Qd1 Bb5 46. Rc2
Qe3 47. Qd2 Qe4 48. Rc1 e5 49. dxe5 Qxe5 50. a3 Qe4 51. axb4 axb4 52. Re1 Qf5
53. Qd4+ Kb7 54. Qxb4 Kb6 55. Qd6+ Bc6 56. Rc1 Qc8 57. Qxd5 1-0

[Event "Chigorin Memorial"]
[Site "St Petersburg"]
[Date "2015.10.05"]
[Round "3.29"]
[White "Melnikov, Dmitry"]
[Black "Baghdasaryan, Vahe"]
[Result "0-1"]
[WhiteElo "2272"]
[BlackElo "2439"]
[PlyCount "90"]
[EventDate "2015.10.03"]
[EventRounds "9"]
[EventCountry "RUS"]

1. e4 c5 2. Nf3 d6 3. d4 cxd4 4. Nxd4 Nf6 5. Nc3 a6 6. Be3 e5 7. Nb3 Be6 8. Nd5
Nxd5 9. exd5 Bc8 10. Bd3 Be7 11. O-O f5 12. f4 O-O 13. Qd2 Kh8 14. c4 a5 15.
Rad1 a4 16. Nc1 e4 17. Bc2 Qc7 18. c5 Bd7 19. Ne2 Na6 20. cxd6 Bxd6 21. Rc1 Bb4
22. Qd1 Bc5 23. Qd2 Bxe3+ 24. Qxe3 Qd6 25. Rfd1 Nb4 26. a3 Nxd5 27. Qd4 Qb6 28.
Qxb6 Nxb6 29. Rd6 Bc6 30. Nd4 Nc4 31. Re6 Bd5 32. Re7 Nxb2 33. Re5 Rfd8 34.
Rxf5 Rac8 35. Rb1 Nc4 36. Bxa4 Ne3 37. Rg5 Ba2 38. Rb4 h6 39. Rgb5 Ng4 40. g3
Rc1+ 41. Kg2 Bc4 42. Kh3 Nf6 43. Nf5 Bf1+ 44. Kh4 Rd2 45. Rb2 Bxb5 0-1

[Event "Chigorin Memorial"]
[Site "St Petersburg"]
[Date "2015.10.05"]
[Round "3.30"]
[White "Dilmukhametov, Artur"]
[Black "Abdusattorov, Nodirbek"]
[Result "0-1"]
[WhiteElo "2187"]
[BlackElo "2432"]
[PlyCount "90"]
[EventDate "2015.10.03"]
[EventRounds "9"]
[EventCountry "RUS"]

1. d4 Nf6 2. c4 e6 3. g3 d5 4. Bg2 Be7 5. Nf3 O-O 6. O-O dxc4 7. Qc2 a6 8. Qxc4
b5 9. Qc2 Bb7 10. Bg5 Nbd7 11. Bxf6 Nxf6 12. Nbd2 Rc8 13. Nb3 Be4 14. Qc3 Qd5
15. Rfd1 Rfd8 16. Qe1 Qa8 17. Rac1 Bd5 18. Qa5 Bd6 19. Nc5 Qa7 20. b4 Qb6 21.
Qa3 Ra8 22. Qd3 Bxc5 23. dxc5 Qb8 24. a3 c6 25. Qc3 a5 26. Ne5 axb4 27. axb4
Bxg2 28. Kxg2 Nd5 29. Qb2 Qc7 30. Nd3 Ra4 31. Ra1 Rda8 32. Rxa4 bxa4 33. Ra1
Qb7 34. e4 Nc7 35. Ne5 Nb5 36. Nc4 Qa7 37. Na5 a3 38. Qb3 Qd7 39. Rd1 Qc7 40.
Qc4 h6 41. Rd2 Kh7 42. e5 Rd8 43. Rd6 g6 44. Qb3 Ra8 45. Nc4 a2 0-1

[Event "Chigorin Memorial"]
[Site "St Petersburg"]
[Date "2015.10.05"]
[Round "3.31"]
[White "Ushenina, Anna"]
[Black "Obgolts, Erik"]
[Result "1-0"]
[WhiteElo "2426"]
[BlackElo "2184"]
[PlyCount "135"]
[EventDate "2015.10.03"]
[EventRounds "9"]
[EventCountry "RUS"]

1. d4 Nf6 2. c4 g6 3. g3 Bg7 4. Bg2 O-O 5. Nc3 d6 6. Nf3 Nc6 7. O-O a6 8. Bf4
Rb8 9. Rc1 Bd7 10. Qd2 b5 11. Nd5 e6 12. Nxf6+ Bxf6 13. c5 d5 14. Rfd1 Bg7 15.
Bh6 f6 16. Ne1 Ne7 17. Bxg7 Kxg7 18. Nd3 Bc6 19. Nf4 Qd7 20. Qe1 Rbe8 21. Qc3
Qc8 22. Rd2 Kf7 23. Re1 g5 24. Nd3 Qd7 25. a3 Kg7 26. f3 Rd8 27. Nb4 a5 28. Nc2
Ra8 29. e4 Ng6 30. Rde2 h5 31. Bh3 Rfe8 32. Qd2 dxe4 33. fxe4 g4 34. Bg2 Red8
35. Qc3 Rab8 36. b4 axb4 37. axb4 Ba8 38. Rf2 Rf8 39. Ref1 Rbd8 40. Rd1 c6 41.
Ne3 Kh7 42. Qc2 Qc7 43. Qa2 Qe7 44. Qb3 Bb7 45. Re2 Bc8 46. Ree1 Qc7 47. d5 Qe5
48. Nc2 Qc7 49. d6 Qf7 50. Ra1 Ne5 51. Nd4 Bd7 52. Ra7 Ra8 53. Rea1 Rxa7 54.
Rxa7 Kh8 55. Bf1 Qg6 56. Qe3 Rd8 57. Be2 Kg8 58. Bd3 Kh8 59. Bc2 Nc4 60. Qc1 f5
61. Ne2 Qg7 62. Qa1 e5 63. exf5 Qg5 64. Qc3 Bxf5 65. Bb3 Be6 66. Nf4 Bd5 67.
Bxc4 bxc4 68. Re7 1-0

[Event "Chigorin Memorial"]
[Site "St Petersburg"]
[Date "2015.10.05"]
[Round "3.32"]
[White "Salman, Pavel"]
[Black "Tunik, Gennady"]
[Result "1/2-1/2"]
[WhiteElo "2183"]
[BlackElo "2420"]
[PlyCount "80"]
[EventDate "2015.10.03"]
[EventRounds "9"]
[EventCountry "RUS"]

1. d4 Nf6 2. c4 e6 3. g3 d5 4. Nf3 dxc4 5. Qa4+ Nbd7 6. Bg2 a6 7. Qxc4 b5 8.
Qc6 Rb8 9. Bf4 Nd5 10. O-O Nxf4 11. gxf4 Bb7 12. Qc1 Be7 13. Rd1 Qc8 14. Qe3
Nf6 15. Nc3 O-O 16. a3 Ng4 17. Qd3 c5 18. Ng5 Nf6 19. Nce4 Nxe4 20. Bxe4 Bxe4
21. Qxe4 Bxg5 22. fxg5 cxd4 23. Rxd4 Qc5 24. h4 Rbc8 25. Rad1 g6 26. Kg2 Qc2
27. Qxc2 Rxc2 28. R1d2 Rfc8 29. e3 Kg7 30. Rxc2 Rxc2 31. Rd6 a5 32. b3 Rc3 33.
Ra6 Rxb3 34. Rxa5 h6 35. Kf3 Rb2 36. Ra7 h5 37. Rb7 Ra2 38. Rxb5 Rxa3 39. Rb4
Ra2 40. Kg3 Ra3 1/2-1/2

[Event "Chigorin Memorial"]
[Site "St Petersburg"]
[Date "2015.10.05"]
[Round "3.33"]
[White "Smirnov, Artem"]
[Black "Vorobjev, Dmitry"]
[Result "1-0"]
[WhiteElo "2419"]
[BlackElo "2163"]
[PlyCount "129"]
[EventDate "2015.10.03"]
[EventRounds "9"]
[EventCountry "RUS"]

1. e4 c5 2. Nc3 e6 3. Nf3 a6 4. g3 Nc6 5. Bg2 Nge7 6. O-O g6 7. d4 cxd4 8. Nxd4
Bg7 9. Nb3 O-O 10. Bf4 d5 11. exd5 exd5 12. Qd2 d4 13. Ne4 Be6 14. Rfe1 Bd5 15.
Rad1 b6 16. Bh6 Bxh6 17. Qxh6 Nf5 18. Qf4 f6 19. c3 Ra7 20. Bh3 Qc7 21. Qxc7
Rxc7 22. Bg2 Kg7 23. cxd4 Bxb3 24. axb3 Nfxd4 25. Nd6 Kh8 26. Bxc6 Nxc6 27. Rc1
Kg8 28. Rc3 Rd8 29. Re8+ Rxe8 30. Nxe8 Rc8 31. Nxf6+ Kg7 32. Nd5 b5 33. Nb4 Ne7
34. Nxa6 Ra8 35. Nb4 Ra1+ 36. Kg2 Rb1 37. Rc2 Nf5 38. Rd2 h5 39. h4 Kf7 40. Nd5
Re1 41. Kf3 Re8 42. Ne3 Ne7 43. Rd6 Rb8 44. Ra6 Rb7 45. b4 Rb8 46. Kf4 Rd8 47.
Kf3 Rd2 48. Ra7 Kf8 49. Rb7 Rxb2 50. Rb8+ Kf7 51. Rxb5 Nc6 52. Rb7+ Kf8 53. Nd5
Ne5+ 54. Kf4 Nf7 55. f3 Re2 56. Nf6 Nd6 57. Nh7+ Kg8 58. Nf6+ Kf8 59. Rd7 Nf7
60. Ne4 Rb2 61. b5 Rb3 62. Rc7 Nd8 63. Rd7 Ne6+ 64. Ke5 Nc5 65. Nxc5 1-0

[Event "Chigorin Memorial"]
[Site "St Petersburg"]
[Date "2015.10.05"]
[Round "3.34"]
[White "Goganov, Aleksey"]
[Black "Pushkov, Nikolai"]
[Result "1/2-1/2"]
[WhiteElo "2603"]
[BlackElo "2314"]
[PlyCount "85"]
[EventDate "2015.10.03"]
[EventRounds "9"]
[EventCountry "RUS"]

1. e4 e6 2. d4 d5 3. Nc3 Bb4 4. e5 b6 5. Qg4 g6 6. Bd2 Ba6 7. Bxa6 Nxa6 8. Qe2
Qc8 9. Nf3 Ne7 10. O-O h6 11. a3 Bxc3 12. Bxc3 c5 13. Qb5+ Nc6 14. b4 O-O 15.
dxc5 bxc5 16. Qe2 cxb4 17. axb4 Nc7 18. b5 Ne7 19. Bb4 Re8 20. Bxe7 Rxe7 21.
Nd4 Ne8 22. Ra4 Qc5 23. Qe3 Kh7 24. Nc6 Qxe3 25. fxe3 Rb7 26. b6 Rxb6 27. Rxf7+
Ng7 28. Rc7 g5 29. h4 Rb1+ 30. Kh2 a5 31. hxg5 hxg5 32. Rxa5 Rxa5 33. Nxa5 Re1
34. c4 Rxe3 35. cxd5 Rxe5 36. Nc4 Rxd5 37. g4 Kg6 38. Kg2 Kf6 39. Nb6 Rb5 40.
Nd7+ Kg6 41. Nf8+ Kf6 42. Nh7+ Kg6 43. Nf8+ 1/2-1/2

[Event "Chigorin Memorial"]
[Site "St Petersburg"]
[Date "2015.10.05"]
[Round "3.36"]
[White "Amonatov, Farrukh"]
[Black "Solovyov, Viktor"]
[Result "1-0"]
[WhiteElo "2591"]
[BlackElo "2312"]
[PlyCount "91"]
[EventDate "2015.10.03"]
[EventRounds "9"]
[EventCountry "RUS"]

1. e4 e5 2. Nf3 Nc6 3. d4 exd4 4. Nxd4 Bb4+ 5. c3 Be7 6. Nxc6 bxc6 7. Bd3 d6 8.
O-O Nf6 9. Nd2 O-O 10. h3 Re8 11. Re1 Nd7 12. Nf1 a5 13. Ng3 Rb8 14. Nf5 Bf6
15. Bc2 Nc5 16. Nd4 Bd7 17. Rb1 a4 18. Bd2 Rb6 19. b4 axb3 20. axb3 Ra6 21. b4
Ne6 22. Nf5 Nf8 23. Ng3 g6 24. f4 Ra3 25. Re3 Bg7 26. Rf3 Be6 27. Qc1 Ra2 28.
Bd3 Bh6 29. Rb2 Rxb2 30. Qxb2 Bg7 31. Qc1 Bc8 32. Bc2 d5 33. e5 Ba6 34. Be3 Bc4
35. Qd2 Qa8 36. Bd4 Nd7 37. Nh5 gxh5 38. Rg3 Nf8 39. f5 Ng6 40. e6 fxe6 41.
fxg6 h6 42. Bxg7 Kxg7 43. Qf4 Re7 44. Qe5+ Kg8 45. g7 Qd8 46. Qf6 1-0